Statistiques concernant capitales d'Europe géographique

Cliquez ici pour prendre le quiz!

Statistiques générales

  • Ce quiz a été pris 98 fois
    (81 depuis la dernière actualisation)
  • Le résultat moyen est 33 sur 42

Statistiques - réponses

HintRéponse% Correct
Allemagneberlin
97%
Portugallisbonne
96%
Franceparis
96%
Italierome
96%
Espagnemadrid
94%
Pays-basamsterdam
93%
Irlandedublin
93%
Russiemoscou
93%
BelgiqueBruxelles
91%
Angleterrelondres
91%
Greceathenes
90%
Suisseberne
90%
Croatiezagreb
89%
Hongriebudapest
87%
Danemarkcopenhague
87%
Ukrainekiev
87%
Polognevarsovie
87%
Aurtichevienne
87%
Norvegeoslo
86%
Finlandehelsinki
84%
Suedestockholm
84%
Roumaniebucarest
83%
Tchequieprague
81%
Bulgariesofia
79%
Maltesla valette
73%
Ecosseedimbourg
71%
Islandereykjavik
71%
Bielorussieminsk
70%
Lituanievilnius
69%
Lettonieriga
67%
Albanietirana
67%
Serbiebelgrade
66%
Bosniesarajevo
64%
Estonietallin
63%
liechtensteinvaduz
63%
Irlande du nordbelfast
61%
Slovenieljubljana
60%
Slovaquiebratislava
56%
Pays de gallescardiff
54%
Macedoineskopje
51%
Moldaviechisinau
50%
Montenegropodgorica
40%

Distribution des résultats

Percentile par nombre de réponses

% des personnes avec chaque résultat

Votre développement - résultats

Vous n’avez pas pris ce quiz depuis la dernière actualisation